Fifteenth-century attitudes : perceptions of society in late medieval England
Αποθηκεύτηκε σε:
| Άλλοι συγγραφείς: | |
|---|---|
| Μορφή: | Βιβλίο |
| Γλώσσα: | English |
| Δημοσίευση: |
Cambridge :
Cambridge University Press,
1996
|
| Θέματα: | |
| Ετικέτες: |
Προσθήκη ετικέτας
Δεν υπάρχουν, Καταχωρήστε ετικέτα πρώτοι!
|
MARC
| LEADER | 00000nam a2200000 i 4500 | ||
|---|---|---|---|
| 001 | 1/13119 | ||
| 008 | 980121s1996 eng d | ||
| 020 | |a 0-521-40483-5 | ||
| 035 | |1 ΠΑΡ |a 1997 |l 10018913 | ||
| 040 | |a GR-MY-UA |b gre |e aacr | ||
| 041 | 0 | |a eng | |
| 082 | 0 | |a 942.04 | |
| 245 | 1 | 0 | |a Fifteenth-century attitudes : |b perceptions of society in late medieval England / |c Edited by Rosemary Horrox |
| 260 | |a Cambridge : |b Cambridge University Press, |c 1996 | ||
| 300 | |a 244 p. |b ill. | ||
| 504 | |a Includes bibliographical references and index | ||
| 650 | 0 | 0 | |a Fifteenth century. |
| 651 | 0 | |a Great Britain |x History |y Lancaster and York, 1399-1485. | |
| 651 | 0 | |a England |x Social conditions |y 1066-1485. | |
| 700 | 1 | |a Horrox, Rosemary. |4 edt | |
| 852 | |a INST |b LESVOS |e 19980121 |h 942.04 FIF |p 005100015292 |q 005100015292 |t BK |y 0 | ||
| 909 | |a Λ |b 052208 | ||